| 000 | 00495nam a22001817a 4500 | ||
|---|---|---|---|
| 005 | 20251108172306.0 | ||
| 008 | 250721s1992 xx 000 0 ara d | ||
| 082 | 1 | 4 | _a797.2/كرا |
| 100 | 1 | _aكراين، مايك | |
| 245 | 1 | 0 | _aتعلم السباحة / |
| 264 | 1 |
_aالكويت : _bدار الدولية للنشر، _c1992. |
|
| 300 | _a95ص | ||
| 650 | 1 | 7 | _aالسباحة |
| 650 | 1 | 7 | _aالغطس |
| 700 | 1 |
_aنديم، غادة _eترجمة |
|
| 942 |
_2ddc _cBK |
||
| 999 |
_c75346 _d75346 |
||